000 00724nam a2200217Ii 4500
001 14953
003 CO-ViMGA
008 241108s9999||||xx |||||||||||||| ||und||
020 _a9789588378558
040 _aCO-ViMGA
_bspa
_erda
_cCO-ViMGA
041 0 _aspa
082 0 4 _a305.89820 R16u
100 1 _aJoanne Rappaport
_948579
245 1 0 _aUtopías interculturales :
_bintelectuales públicos, experimentos con la cultura y pluralismo étnico en Colombia
264 1 _aBogotá, Colombia : Editorial Universidad del Rosario, 2008
300 _avolumen
336 _atext
_btxt
_2rdacontent
337 _aunmediated
_bn
_2rdamedia
338 _avolume
_bnc
_2rdacarrier
940 _aidficha_siabuc: 14643. -- ficha_no_siabuc:14953
999 _c43221
_d43221